[Event "Solta op 8th"]
[Site "Grohote"]
[Date "2025.07.01"]
[Round "4"]
[White "Lauda, Alexandr"]
[Black "Mammadov, Zaur Fazahir Oglu"]
[Result "0-1"]
[WhiteElo "2215"]
[BlackElo "2418"]
[PlyCount "54"]
[EventDate "2025.06.29"]
[EventType "swiss"]
[EventRounds "9"]
[EventCountry "CRO"]
[SourceTitle "CB28_2025"]
[SourceDate "2025.07.09"]
[SourceVersion "1"]
[SourceVersionDate "2025.07.09"]
[SourceQuality "1"]

1. Nf3 d5 2. g3 Nf6 3. Bg2 g6 4. 0-0 Bg7 5. d4 0-0 6. c4 c6 7. cxd5 cxd5 8. Ne5 Nc6 9. Nc3 Bf5 10. Nxc6 bxc6 11. b3 Re8 12. Bb2 h5 13. Rc1 Rc8 14. Qd2 h4 15. Rfd1 hxg3 16. hxg3 Ng4 17. Na4 Qd6 18. Rc5 Bh6 19. Qe1 Qf6 20. e4 Bxe4 21. Bxe4 dxe4 22. d5 Qf3 23. Bd4 cxd5 24. Nc3 e3 25. Nxd5 Rxc5 26. Bxc5 exf2+ 27. Bxf2 Nxf2 0-1

[Event "Solta op 8th"]
[Site "Grohote"]
[Date "2025.06.30"]
[Round "2"]
[White "Sisic, Muhamed"]
[Black "Mammadov, Zaur Fazahir Oglu"]
[Result "1/2-1/2"]
[WhiteElo "2092"]
[BlackElo "2418"]
[PlyCount "63"]
[EventDate "2025.06.29"]
[EventType "swiss"]
[EventRounds "9"]
[EventCountry "CRO"]
[SourceTitle "CB28_2025"]
[SourceDate "2025.07.09"]
[SourceVersion "1"]
[SourceVersionDate "2025.07.09"]
[SourceQuality "1"]

1. e4 c6 2. Nc3 d5 3. Nf3 dxe4 4. Nxe4 Nf6 5. Nxf6+ exf6 6. d4 Bd6 7. Bd3 0-0 8. 0-0 Bg4 9. h3 Bh5 10. c4 Bc7 11. Be3 Re8 12. Re1 Nd7 13. Rc1 Nf8 14. d5 cxd5 15. cxd5 Qd6 16. Bc5 Qf4 17. Be3 Qd6 18. Bc5 Qd7 19. Rxe8 Rxe8 20. Qb3 a6 21. Bf1 Bxf3 22. Qxf3 Bd6 23. Bxd6 Qxd6 24. Qb3 Re7 25. g3 g5 26. Bg2 Ng6 27. Qc4 Kg7 28. b4 Qe5 29. Qc3 Qxc3 30. Rxc3 Re1+ 31. Bf1 Rb1 32. a3 1/2-1/2

[Event "Pula op 37th"]
[Site "Pula"]
[Date "2025.06.21"]
[Round "7"]
[White "Mammadov, Zaur Fazahir Oglu"]
[Black "Berke, Ana"]
[Result "1-0"]
[WhiteElo "2418"]
[BlackElo "2133"]
[PlyCount "129"]
[EventDate "2025.06.15"]
[EventType "swiss"]
[EventRounds "9"]
[EventCountry "CRO"]
[SourceTitle "CB26_2025"]
[SourceDate "2025.06.25"]
[SourceVersion "1"]
[SourceVersionDate "2025.06.25"]
[SourceQuality "1"]

1. e4 c5 2. c3 d5 3. exd5 Qxd5 4. d4 g6 5. Nf3 Bg7 6. Na3 cxd4 7. Nb5 Na6 8. Nbxd4 Nf6 9. Bb5+ Bd7 10. Bxa6 bxa6 11. 0-0 0-0 12. Re1 Rfe8 13. Ne5 Bc8 14. c4 Qd6 15. Ndc6 Bb7 16. Na5 Be4 17. Bf4 Qb4 18. Qd2 Qb6 19. Qc3 Rac8 20. Qa3 Ba8 21. Nd3 Ne4 22. Rad1 Rcd8 23. Be3 Qf6 24. c5 Ng5 25. c6 Rd5 26. Nb4 Re5 27. f4 Rxe3 28. Qxe3 Ne6 29. Rd2 Nxf4 30. Rf2 g5 31. Kh1 Qd6 32. Qd2 Qc5 33. Nb3 Qb6 34. Rxf4 gxf4 35. Nd5 Qxc6 36. Nxe7+ Rxe7 37. Rxe7 Bf6 38. Rxa7 f3 39. Qf2 fxg2+ 40. Kg1 Kg7 41. Nc5 Qd5 42. Rd7 Qxa2 43. Qg3+ Kh6 44. Qe3+ Kg6 45. Qd3+ Kh6 46. Ne4 Qa1+ 47. Kxg2 Qxb2+ 48. Kh3 Bxe4 49. Qxe4 Qe5 50. Qxe5 Bxe5 51. Rxf7 a5 52. Ra7 Bc3 53. Kg4 Kg6 54. Ra6+ Kf7 55. Kf5 Bb4 56. Ra7+ Kg8 57. h4 Bc3 58. Rc7 Bb4 59. Kf6 Bf8 60. Ra7 Bc5 61. Rg7+ Kf8 62. Rxh7 Bd4+ 63. Kg6 a4 64. Rf7+ Ke8 65. Rf4 1-0

[Event "Pula op 37th"]
[Site "Pula"]
[Date "2025.06.16"]
[Round "2"]
[White "Seres, Bela"]
[Black "Mammadov, Zaur Fazahir Oglu"]
[Result "0-1"]
[WhiteElo "2103"]
[BlackElo "2418"]
[PlyCount "56"]
[EventDate "2025.06.15"]
[EventType "swiss"]
[EventRounds "9"]
[EventCountry "CRO"]
[SourceTitle "CB26_2025"]
[SourceDate "2025.06.25"]
[SourceVersion "1"]
[SourceVersionDate "2025.06.25"]
[SourceQuality "1"]

1. e4 c6 2. d4 d5 3. e5 Bf5 4. h4 Qb6 5. a4 a5 6. g4 Bd7 7. Rh3 e6 8. Rb3 Qa7 9. Be3 h5 10. g5 c5 11. dxc5 Bxc5 12. Bxc5 Qxc5 13. Nf3 Ne7 14. Nc3 0-0 15. Nb5 Bxb5 16. Rxb5 Qc7 17. Bd3 Ng6 18. Qe2 Nc6 19. 0-0-0 Rac8 20. Kb1 Ncxe5 21. Nxe5 Nxe5 22. f4 Nxd3 23. Rxd3 Qxf4 24. g6 fxg6 25. Qxe6+ Kh7 26. Rdxd5 Qxh4 27. Rxa5 Rf1+ 28. Ka2 Qc4+ 0-1

[Event "Abu Dhabi op-A 30th"]
[Site "Abu Dhabi"]
[Date "2024.08.16"]
[Round "2"]
[White "Mammadov, Zaur Fazahir Oglu"]
[Black "Sriansh, Das"]
[Result "1/2-1/2"]
[WhiteElo "2424"]
[BlackElo "2286"]
[PlyCount "62"]
[EventDate "2024.08.15"]
[EventType "swiss"]
[EventRounds "9"]
[EventCountry "UAE"]
[SourceTitle "EXT 2025"]
[Source "ChessBase"]
[SourceDate "2024.10.14"]
[SourceVersion "1"]
[SourceVersionDate "2024.10.14"]
[SourceQuality "1"]

1. e4 e6 2. d4 d5 3. e5 c5 4. c3 Qb6 5. Nf3 Bd7 6. Be2 Bb5 7. Bxb5+ Qxb5 8. Na3 Qd7 9. dxc5 Bxc5 10. b4 Bb6 11. 0-0 Ne7 12. c4 a5 13. cxd5 Nxd5 14. Nc4 0-0 15. bxa5 Bxa5 16. Ba3 Bb4 17. Bxb4 Nxb4 18. Qb1 Qe7 19. Nd6 N8c6 20. Rd1 Ra5 21. a3 Rfa8 22. Qc1 Nd5 23. Rb1 Nd8 24. Rb3 h6 25. h3 b6 26. Rd4 Rc5 27. Qd2 Nb7 28. Nxb7 Qxb7 29. Rg4 Kf8 30. Nd4 Qc7 31. Rbg3 Qxe5 1/2-1/2

[Event "TUR-chT"]
[Site "Ankara"]
[Date "2024.07.15"]
[Round "2.2"]
[White "Mammadov, Zaur Fazahir Oglu"]
[Black "Narayanan, Sunilduth Lyna"]
[Result "1-0"]
[WhiteElo "2426"]
[BlackElo "2648"]
[PlyCount "133"]
[EventDate "2024.07.14"]
[EventType "team-tourn"]
[EventRounds "15"]
[EventCountry "TUR"]
[SourceTitle "EXT 2025"]
[Source "ChessBase"]
[SourceDate "2024.10.14"]
[SourceVersion "1"]
[SourceVersionDate "2024.10.14"]
[SourceQuality "1"]
[WhiteTeam "Rota Koleji Dernegi"]
[BlackTeam "Pamukkale Universiteli"]
[WhiteTeamCountry "TUR"]
[BlackTeamCountry "TUR"]

1. e4 c6 2. Nf3 d5 3. d3 g6 4. Nbd2 Bg7 5. g3 e5 6. Bg2 Ne7 7. 0-0 0-0 8. Re1 d4 9. a4 c5 10. Nc4 Nbc6 11. c3 h6 12. cxd4 exd4 13. Nfd2 Be6 14. f4 Qd7 15. e5 Nf5 16. Ra3 Nb4 17. Ne4 Bxc4 18. dxc4 d3 19. Nf2 Nd4 20. Rxd3 Nxd3 21. Nxd3 Ne6 22. Be3 Rad8 23. Bd5 b6 24. b3 Nc7 25. Be4 f5 26. exf6 Rxf6 27. Qb1 Re6 28. Ne5 Bxe5 29. fxe5 Qg7 30. Bf4 Rd4 31. Kh1 a5 32. Be3 Rd7 33. Bf4 Rd4 34. Be3 Rd8 35. Bf4 Rd7 36. Qc1 Qe7 37. h4 Rd4 38. Bg2 Qe8 39. Qe3 g5 40. hxg5 Qh5+ 41. Kg1 hxg5 42. Bxg5 Rg6 43. Bh4 Ne6 44. Qf2 Rd1 45. Rxd1 Qxd1+ 46. Kh2 Qd4 47. Qf5 Qg4 48. Qxg4 Rxg4 49. Bd5 Kf7 50. Kh3 Rg8 51. Bf6 Re8 52. Kg4 Kg6 53. Bxe6 Rxe6 54. Kf4 Rc6 55. g4 Rc7 56. g5 Rd7 57. e6 Rd1 58. Ke5 Rd2 59. e7 Re2+ 60. Kd6 Kf7 61. Kd7 Rd2+ 62. Kc7 Rd3 63. g6+ Ke8 64. g7 Rg3 65. Kxb6 Rxb3+ 66. Kxa5 Rg3 67. Kb5 1-0